LIBRARY & INFORMATION CENTRE, KCAET, TAVANUR

ONLINE PUBLIC ACCESS CATALOGUE (OPAC)

Modern all about floppy discs and drives / (Record no. 9604)

MARC details
000 -LEADER
fixed length control field 00507cam a2200193ua 4500
020 ## - INTERNATIONAL STANDARD BOOK NUMBER
ISBN 81 7029 657 9
041 ## - LANGUAGE CODE
Language code of text/sound track or separate title eng
082 ## - DEWEY DECIMAL CLASSIFICATION NUMBER
Classification number 004.56
Item number MAN/MO
100 ## - MAIN ENTRY--AUTHOR NAME
Personal name Manahar, Lotia .
245 ## - TITLE STATEMENT
Title Modern all about floppy discs and drives /
250 ## - EDITION STATEMENT
Edition statement 1 /
260 ## - PUBLICATION, DISTRIBUTION, ETC. (IMPRINT)
Place of publication New Delhi :
Name of publisher B P B Publishers ,
Year of publication 1995.
300 ## - PHYSICAL DESCRIPTION
Number of Pages 300 ; .
700 1# - ADDED ENTRY--PERSONAL NAME
Personal name Pradeep, Nair .
942 ## - ADDED ENTRY ELEMENTS (KOHA)
Koha item type Books
Holdings
Withdrawn status Lost status Damaged status Home library Current library Date acquired Full call number Accession Number Koha item type
      KAUAET KAUAET 07/04/2012 004.56 20143 Books
free website counter